=LDR 00000nam 2200000 4500 =001 INLIS000000000005233 =005 20130612093502 =008 ***********************************Ind** =035 ##$$0010-061300000005233 =041 ##$$a Ind =082 ##$$a 92 (Sut Nyak Din) =090 ##$$a 92 (Sut Nyak Din), Ibr c =100 ##$$a IBRAHIM, Mukhtaruddin =245 ##$$a Cut Nyak Din, Muchtaruddin Ibrahim =260 ##$$a 1996 $b Jakarta =300 ##$$a viii, 93 hlm, 21 cm =650 ##$$a Cut Nyak Din =850 ##$$a NBPNMAT